| 000 | 00391 a2200145 4500 | ||
|---|---|---|---|
| 020 | _a0451167716 | ||
| 040 |
_aDLC _bDLC |
||
| 082 | _a813.54 | ||
| 100 | _aPuzo, Mario | ||
| 245 |
_aThe Godfather _cPuzo, Mario |
||
| 260 |
_aNew York: _bSignet, _c1978. |
||
| 300 |
_a444 p. ; _c21 cm. |
||
| 650 | _a1.Mafia--Fiction.2.Crime and criminals--United States--Fiction. | ||
| 942 |
_cBK _k813.54 PUZ _2ddc |
||
| 999 |
_c5285 _d5285 |
||